000
00246nam a2200097Ia 4500
001
989061
005
20250826221149.0
008
250824s9999 xx 000 0 und d
245
0
_a
SÜMBÜLLÜ KÖŞK
_c
BİLGİN ADALI
260
_b
HEP KİTAP YAYINLARI
999
_c
989061
_d
989061